ASOIAF - Stormland House Sigils - Statistics

General Stats
  • This quiz has been taken 289 times
  • The average score is 17 of 36
Answer Stats
Hint Answer % Correct
Crowned stag Baratheon
100%
Purple lightning Dondarrion
89%
Ship with an onion sail Seaworth
83%
Two swans Swann
83%
Two griffons Connington
82%
Sea turtle Estermont
80%
Three wheat stalks Selmy
80%
Suns and moons Tarth
80%
Hanged man Trant
74%
Crossed quills Penrose
71%
Nightingales Caron
69%
Sleeping lion Grandison
64%
Green spiral on yellow Wylde
58%
Three moths Horpe
52%
Flying raven Morrigen
49%
Heart pierced by a sword Staedmon
49%
Crescent moon Fell
44%
Ten black spots Cole
43%
Three belt buckles Buckler
42%
Owl Mertyns
39%
Haystack Errol
37%
White sash on purple Hasty
37%
Lips and skulls Lonmouth
36%
Pea pod Peasbury
31%
Black heart with black wings Toyne
30%
Tents and wreaths Musgood
29%
Nine unicorns Rogers
23%
Line of diamonds Wagstaff
23%
Gold stag Bolling
19%
Two fawns Caffern
19%
Book Kellington
16%
Scroll Swygert
16%
Trefoils on a black cross Gower
15%
Brown tortoise Tudbury
14%
Crossed trumpets, three deer Wensington
14%
Rooster's head Herston
11%
No matching quizzes found
Score Distribution
Percent of People with Each Score
Percentile by Number Answered
Your Score History
You have not taken this quiz